Statystyki dla Państwa graniczące z Sudanem

Kliknij tutaj aby rozwiązać quiz!

Ogólne statystyki

  • Ten quiz został rozwiązany 109 razy
  • Średni wynik to 6 z 7

Statystyki odpowiedzi

Długość GranicyPaństwo% Poprawnych
1273 kmEgipt
97%
1937 kmSudan Południowy
96%
1360 kmCzad
88%
723 kmEtiopia
85%
605 kmErytrea
80%
383 kmLibia
76%
483 kmRepublika Środkowoafrykańska
58%

Rozkład punktacji

Percentyl według liczby udzielonych odpowiedzi

Procent ludzi z każdym wynikiem

Twoja historia wyników

Nie rozwiązałeś tego quizu